Länder mit den meisten Fledermausarten - Statistiken

Allgemein
  • Dieses Quiz wurde 34 mal gespielt
  • Das Durchschnittsergebnis liegt bei 10 aus 15
Antwortstatistiken
Anzahl der Arten Land % Korrekt
112 China
93%
135 Brasilien
90%
114 Indien
83%
217 Kolumbien
77%
120 Demokratische Republik Kongo
70%
225 Indonesien
70%
136 Mexiko
70%
159 Peru
67%
146 Thailand
67%
172 Venezuela
67%
133 Bolivien
60%
173 Ecuador
57%
125 Malaysia
57%
120 Costa Rica
40%
170 Honduras
27%
Keine übereinstimmenden Quizze gefunden
Verteilung der Resultate
Anzahl Personen mit jedem Resultat
Perzentil nach korrekt beantworteten Fragen
Ihre Resultats-Entwicklung
Sie haben dieses Quiz noch nicht gespielt